| 000 | 01920nam a22002537a 4500 | ||
|---|---|---|---|
| 999 |
_c63912 _d63912 |
||
| 003 | Ge_BSU | ||
| 005 | 20260218154228.0 | ||
| 008 | 260218s2025 ge ||||| |||| 00| 0 geo d | ||
| 020 | _a9789941521966 | ||
| 041 | _ageo | ||
| 080 | _a811.353 ლ-63 | ||
| 245 |
_aლინგვოქვეყანამცოდნეობა : _b [სასწავლო კურსი]. წიგნი 1 / _c საქართველოს ტექნიკური უნივერსიტეტი, ქართული ფილოლოგიისა და მედიატექნოლოგიების დეპარტამენტი; რედაქტორი თემურ ჯაგოდნიშვილი. |
||
| 264 |
_aთბილისი : _bუნივერსალი, _c2025. |
||
| 300 |
_a178 გვ. : _bფოტ. ; _c28 სმ. |
||
| 504 | _aბიბლიოგრაფია ტექსტის შენიშვნებში და სტატიების ბოლოს. | ||
| 653 | _aლინგვოქვეყანამცოდნეობა | ||
| 700 |
_aჯაგოდნიშვილი, თემურ _eავტორი, რედაქტორი _926921 |
||
| 700 |
_aოსაძე, ივანე _eავტორი _926919 |
||
| 700 |
_aჩილაჩავა, ეკა _eავტორი _926922 |
||
| 700 |
_aკილაძე, თინათინ _eავტორი _926923 |
||
| 700 |
_aგაფრინდაშვილი, ქეთევან და სხვ. _eავტორი _926924 |
||
| 710 |
_aსაქართველოს ტექნიკური უნივერსიტეტი _b ქართული ფილოლოგიისა და მედია ტექნოლოგიების დეპარტამენტი _926920 |
||
| 942 |
_2udc _cᲬᲘᲒᲜᲘ |
||